000 01414nam a2200373Ia 4500
001 ebr10505588
003 CaPaEBR
006 m u
007 cr cn|||||||||
008 000918s2001 cau sb 000 0 eng d
010 _z 00045819
020 _z9780833029195
020 _z9780833032492
020 _z0833029193
040 _aCaPaEBR
_cCaPaEBR
035 _a(OCoLC)50851154
050 1 4 _aUA25
_b.L27 2001eb
082 0 4 _a355/.033273
_221
100 1 _aLarson, Eric V.
_q(Eric Victor),
_d1957-
245 1 0 _aPreparing the U.S. Army for homeland security
_h[electronic resource] :
_bconcepts, issues, and options /
_cEric V. Larson, John E. Peters.
246 3 0 _aHomeland security
260 _aSanta Monica, CA :
_bRand,
_c2001.
300 _axxxiv, 310 p.
500 _aMR-1251-A.
504 _aIncludes bibliographical references (p. 293-310).
533 _aElectronic reproduction.
_bPalo Alto, Calif. :
_cebrary,
_d2011.
_nAvailable via World Wide Web.
_nAccess may be limited to ebrary affiliated libraries.
610 1 0 _aUnited States.
_bArmy.
650 0 _aNational security
_zUnited States.
651 0 _aUnited States
_xDefenses.
655 7 _aElectronic books.
_2local
700 1 _aPeters, John E.,
_d1947-
710 2 _aebrary, Inc.
856 4 0 _uhttp://site.ebrary.com/lib/rucke/Doc?id=10505588
_zAn electronic book accessible through the World Wide Web; click to view
999 _c113785
_d113785